000 00787 a2200169 4500
003 Nust
005 20221219113316.0
040 _cNust
082 _a070.595042, OLL
100 _aj.G.Olle
_9105186
245 _aAn introduction to British Government Publications
_cJ.G.Olle
250 _a2nd ed
260 _alondon
_bEdinburgh
_cc1973
300 _a175,p;
505 _aIntroduction(Page-11), The Government Publishers (Page-15), Parliamentary And Non Parliamentary Publication (Page-25), The Range Of Government Publication (Page-63), Tracing And Acquiring New Government Publication (Page-99), Tracing And Acquiring Old Government Publication (Page-119), The Government Publication Of Northern Ireland (Page-141), Government Publication In Libraries (Page-143).
942 _2ddc
_cBK
999 _c193666
_d193666